Responses for Show #4072 - Tuesday, April 23, 2002

Contestants

[<< previous game]

Nathan Chan, a software tester from Bellevue, Washington

Heidi Wakeman, a teacher assistant from Gloucester, Massachusetts

Julie Moncrieff, an office manager from Chicago, Illinois (whose 2-day cash winnings total $29,001)

[next game >>]

Jeopardy! Round responses

THE LUNGS
HAIL, HAIL, ROCK 'N' ROLL
20th CENTURY NAMES
MAN ON BOARD
AIMING TO SUCCEED
"G" WHIZ!
    $200 11
mummies

Julie
    $200 26
Roy Orbison

Heidi
    $200 21
Gerald Ford

Nathan
    $200 16
able-bodied

Triple Stumper
    $200 6
Boris Yeltsin

Triple Stumper
    $200 1
[Recording skips and cuts off a word in the clue]

Gutenberg

Heidi
    $400 12
asthma

Nathan
    $400 27
Pearl Jam

Triple Stumper
    $400 22
Pablo Picasso

Heidi
    $400 17
chief petty officer

Heidi
    $400 7
the New York Philharmonic

Nathan
    $400 2
a gazelle

Julie
    $600 13
(Nathan: What are the legs?)

the skin

HeidiNathan
    $600 28
Jerry Lee Lewis

Triple Stumper
    $600 23
(Dick) Button

Julie
    $600 18
(Nathan: Who is an engineer?)

the radio

Nathan
Triple Stumper
    $600 8
(Julie: Who is Charles?)

George

Julie
Triple Stumper
    $600 3
Goya

Nathan
    $800 14
yawning

Julie
    $800 29
Whitney Houston

Heidi
    $800 24
Marshall

Julie
    $800 19
a commodore

Nathan
    $800 9
Condoleezza Rice

Heidi
    $800 4
a gecko

Heidi
    $1000 15
pulmonary

Triple Stumper
    $1000 30
Lennon & McCartney

Triple Stumper
    $1000 25
(Nathan: Who is Spike Lee?)

John Singleton

Nathan
Triple Stumper
    $1000 20
chandler

Triple Stumper
    $1,000 10
(Heidi: [shakes head])

Pope Paul VI

Heidi
    $1000 5
Galileo

Julie

Scores at the first commercial break (after clue 14):

Julie Heidi Nathan
$1,800 $1,400 $800

Scores at the end of the Jeopardy! Round:

Julie Heidi Nathan
$3,200 $3,200 $200

Double Jeopardy! Round responses

THE OLD TESTAMENT
THE CHORUS
ANAGRAMMED COUNTRIES
FRENCH DRESSING
THOUSAND ISLAND
"BLUE" CHEESE
    $400 1
(Nathan: Who is Benjamin?)

Joseph

JulieNathan
    $400 2
the "Hallelujah Chorus"

Nathan
    $400 26
Togo

Nathan
    $400 12
Christian Dior

Heidi
    $400 21
(Julie: What is Temptation Island?)

Survivor

JulieHeidi
    $400 11
The Blue Lagoon

Heidi
    $800 3
wisdom

Nathan
    $800 7
Bugs Bunny

Nathan
    $800 27
Belgium

Julie
    $800 13
Yves Saint Laurent

Heidi
    $800 22
Aleutian islands

Heidi
    $800 16
Blue Thunder

Triple Stumper
    $1200 4
Malachi

Nathan
    $1200 8
F. Scott Fitzgerald

Nathan
    $1200 28
[The end-of-round signal sounds.]

Syria

Heidi
    $1200 14
Coco Chanel

Heidi
    $1200 23
Sumatra

Heidi
    $1200 18
bluebird

Nathan
    $1,200 5
Song of Solomon

Nathan
    $1600 9
Thespis

Triple Stumper
    $1600 15
Hermès

Julie
    $2,000 24
Luzon

Heidi
    $1600 19
Oxford Blues

Triple Stumper
    $2000 6
Haman

Nathan
    $2000 10
42nd Street

Triple Stumper
    $2000 17
Jean-Paul Gautier

Heidi
    $2000 25
France & the Netherlands

Triple Stumper
    $2000 20
The Blue Max

Nathan

Scores at the end of the Double Jeopardy! Round:

Julie Heidi Nathan
$5,600 $13,600 $11,000

[wagering suggestions for these scores]

Final Jeopardy! Round responses

SHAKESPEAREAN GEOGRAPHY
JulieWhat is Winsor?
$2,801
NathanWhat is Londoi
$300
HeidiWhat is the Merry W
$3,600
Windsor

Final scores:

Julie Heidi Nathan
$8,401 $10,000 $10,700
3rd place: trip to Miami, Florida 2nd place: trip to Galley Bay in Antigua New champion: $10,700

Game dynamics:

Coryat scores:

Julie Heidi Nathan
$5,600 $14,200 $11,400
9 R,
2 W
18 R
(including 1 DD),
1 W
(including 1 DD)
15 R
(including 1 DD),
4 W

Combined Coryat: $31,200

[game clues] [game scores] [suggest correction]

Game tape date: 2002-01-15
The J! Archive is created by fans, for fans. Scraping, republication, monetization, and malicious use prohibited; this site may use cookies and collect identifying information. See terms. The Jeopardy! game show and all elements thereof, including but not limited to copyright and trademark thereto, are the property of Jeopardy Productions, Inc. and are protected under law. This website is not affiliated with, sponsored by, or operated by Jeopardy Productions, Inc. Join the discussion at JBoard.tv.